000 00445nam a2200181Ia 4500
005 20250423095035.0
008 250422s9999 xx 000 0 und d
020 _a9781403144188
050 _aBP 605.S2 .H83/
100 _aHubbard, Ron L.
245 0 _aDianetics : the evolution of a science
260 _aCalifornia
260 _bBridge publications, Inc.
260 _c2007
300 _a211 p
650 _aDianetics.
942 _cBK
999 _c29060
_d29060